| 000 | 00360nab a22001097u 4500 | ||
|---|---|---|---|
| 008 | 130520b1987 xxu||||| |||| 00| 0 spa d | ||
| 041 | _aspa | ||
| 100 | 1 |
_aSardón-Filippini, M. _967423 |
|
| 245 | 0 | 0 |
_aSituación de las empleadas domésticas en América Latina _cM. Sardón-Filippini |
| 773 | 0 |
_tConcilium _gV.2,1987,págs.397-401 _x0210-1041 _wRev134 |
|
| 942 | _cAR | ||
| 999 |
_c355341 _d355341 |
||